000 00877cam a2200229 4500
001 WB3606-08
008 000000n2000 000 0 eng u
035 _a(Sirsi) u104123
245 _aProperty company consolidation
260 _c2000
490 _aProperty Week
_v65(5) 4 February 2000, 15
490 _aEstates Gazette
_v(0005) 5 February 2000, 47(2)
520 _aDicusses the conclusions of a report by Credit Suisse First Boston which suggests that the trend towards consolidation between larger property companies will increase as they seek to increase their efficiency and capital.
590 _aWB
650 _aTAKEOVERS
650 _aCONSOLIDATION
650 _aPROPERTY COMPANIES
650 _aCREDIT SUISSE FIRST BOSTON
650 _aECONOMIC RENT
690 _aPROPERTY-COMMERCIAL PROPERTY-COMMERCIAL PROPERTY FINANCE AND INVESTMENT
942 _n0
999 _c62498
_d62498